| 000 | 01076cgm a2200265 4500 | ||
|---|---|---|---|
| 001 | J1268 | ||
| 008 | 090911s1987 xxk f | ||
| 035 | _a(Sirsi) u42566 | ||
| 041 | _aeng | ||
| 110 |
_aRoyal Institution of Chartered Surveyors _bInsurance Services _9643 |
||
| 245 |
_aClaims prevention: a guide _h[video recording] |
||
| 260 |
_a[S.l.] _bRICS Insurance Services Limited _c1987 |
||
| 300 | _a1 videocassette (VHS) (15min.) : sd | ||
| 350 | _a0 | ||
| 520 | _aDiscusses the need for insurance cover by chartered surveyors and explains how, if safeguards are observed, claims can be kept to a minimum. Outlines the insurance policies offered by RICS Insurance Services: professional indemnity, public liability and legal defence. | ||
| 650 | _aABOUT RICS-RICS MEMBERS | ||
| 650 |
_aInsurance _96249 |
||
| 650 | _aPROFESSIONAL INDEMNITY INSURANCE | ||
| 650 | _aRICS INSURANCE SERVICES | ||
| 650 | _aVIDEO CASSETTE | ||
| 690 |
_aINSURANCE _96249 |
||
| 690 | _aMANAGEMENT-BUSINESS MANAGEMENT-PROFESSIONAL PRACTICE | ||
| 942 | _n0 | ||
| 948 | _c04/03/1997 | ||
| 999 |
_c85245 _d85245 |
||